Statistics for The National League Quiz

Click here to take the quiz!

General Stats

  • This quiz has been taken 7 times
    (3 since last reset)
  • The average score is 34 of 76

Answer Stats

National League% Correct
Wrexham
100%
AFC Fylde
67%
Stockport County
67%
Blyth Spartans
67%
Darlington
67%
Harrogate Town
67%
Aldershot Town
67%
Southport
67%
Telford United
67%
Sutton United
67%
York City
67%
Gloucester City
67%
Havant & Waterlooville
67%
Oxford City
67%
Truro City
67%
Chester
67%
Hereford
67%
Woking
67%
North Ferriby United
67%
Solihull Moors
67%
Gateshead
67%
Maidstone United
67%
Dover Athletic
67%
Maidenhead United
67%
Ebbsfleet United
67%
Barrow
67%
FC Halifax Town
67%
Hartlepool United
67%
Bromley
67%
Chesterfield
67%
Dartford
33%
Eastbourne Borough
33%
East Thurrock United
33%
Dagenham & Redbridge
33%
Hampton & Richmond Borough
33%
Hungerford Town
33%
Hemel Hempstead Town
33%
Chippenham Town
33%
St Albans City
33%
Boreham Wood
33%
Wealdstone
33%
Welling United
33%
Weston-Super-Mare
33%
Altrincham
33%
Ashton United
33%
Barnet
33%
Billericay Town
33%
Dulwich Hamlet
33%
Concord Rangers
33%
Bath City
33%
Chelmsford City
33%
Braintree Town
33%
Torquay United
33%
Macclesfield Town
33%
Alfreton Town
33%
Leyton Orient
33%
Boston United
33%
Brackley Town
33%
Bradford Park Avenue
33%
Chorley
33%
Curzon Ashton
33%
Guiseley
33%
Leamington
33%
FC United Of Manchester
33%
Kidderminster Harriers
33%
Nuneaton Borough
33%
Salford City
33%
Spennymoor Town
33%
Eastleigh
33%
Slough Town
33%
Poole Town
0%
Gainsborough Trinity
0%
Whitehawk
0%
Tamworth
0%
Tranmere Rovers
0%
Bognor Regis Town
0%

Score Distribution

Percentile by Number Answered

Percent of People with Each Score

Your Score History

You have not taken this quiz since the last reset